| 000 | 01072nam a22003137a 4500 | ||
|---|---|---|---|
| 003 | CHAP | ||
| 005 | 20220329141020.0 | ||
| 008 | 971013s1993 r 00010 d | ||
| 010 | _a61320 | ||
| 011 | _a62292 | ||
| 035 | _a66466 | ||
| 040 | _cCHAP | ||
| 090 | _aFolleto 14709 | ||
| 100 | 0 | 0 |
_aSolís Aguilar, Juan Fernando. _9108424 |
| 245 | _aEscamas (Homoptera : Coccoidea) ; descripción, morfología y técnica de montaje | ||
| 260 |
_aChapingo, Méx. : _bUACH. Departamento de Parasitología Agrícola, _c1993 |
||
| 300 | _ac.a. (48 h.) | ||
| 490 |
_aSerie protección vegetal _v; 3 |
||
| 590 |
_aBATCH-UPD _b10 _c20130110 _lUCH01 _h2230 |
||
| 590 |
_aBATCH-UPD _b10 _c20130410 _lUCH01 _h1526 |
||
| 590 |
_aBATCH-UPD _b10 _c20130914 _lUCH01 _h0956 |
||
| 590 |
_aCONVERSION _b10 _c20130109 _lUCH01 _h1333 |
||
| 650 | 1 | 4 |
_aCocoideos. _924288 |
| 830 | 0 |
_aSerie protección vegetal _v; 3 _9105012 |
|
| 901 | _aBK | ||
| 942 | _cFOLL | ||
| 949 |
_aFolleto 14709 _bBC _cFOLL _d33724000614244 _eTS1 _i66466 _si |
||
| 949 |
_aFolleto 14709 _bBC _cUACH _d-151667 _eUACH _fc.2 _i66466 _si |
||
| 999 |
_c61320 _d61320 |
||